| 000 | 01482 a2200481 4500 | ||
|---|---|---|---|
| 264 |
_aAnkara : _bTOBB ETÜ Fen Bilimleri Enstitüsü, _c2010. |
||
| 650 | 0 | 0 |
_932546 _aTezler, Akademik |
| 999 |
_c200002180 _d32783 |
||
| 001 | 200002180 | ||
| 003 | TR-AnTOB | ||
| 005 | 20260210134035.0 | ||
| 008 | 130405s2010 tu 000 0 | ||
| 040 |
_aTR-AnTOB _cTR-AnTOB |
||
| 041 | 0 | _atur | |
| 099 | _aTEZ TOBB FBE BİL YL'10 ERD | ||
| 100 | 1 |
_aErdem, Caner _971147 |
|
| 245 | 1 | 0 |
_aŞekil tanıma problemi için çoklu eşlemenin sonsuz norm uzaklığı altında gerçekleştirilmesi / _cCaner Erdem. |
| 300 |
_aix,39 p. ; _c29 cm. |
||
| 502 | _aTez (Y. Lisans)--TOBB ETÜ Fen Bilimleri Enst. Temmuz 2010. | ||
| 504 | _aIncludes bibliographical references | ||
| 650 | 0 | 0 |
_aDissertations, Academic _932543 |
| 653 | _aK-Means algorithm | ||
| 653 | _aMedial Axis Transform | ||
| 653 | _aEMD | ||
| 653 | _aMetric Embedding | ||
| 653 | _aGraph Matching | ||
| 653 | _aObejcet Recognition | ||
| 653 | _aRecognition | ||
| 653 | _aShape | ||
| 653 | _aK-Ortalamalar Algoritması | ||
| 653 | _aOrta Eksen Dönüştürme | ||
| 653 | _aEMD | ||
| 653 | _aMetrik Uzayda Taşıma | ||
| 653 | _aÇizgi Eşleme | ||
| 653 | _aNesne Tanıma | ||
| 653 | _aŞekil Tanıma | ||
| 710 | 2 |
_aTOBB Ekonomi ve Teknoloji Üniversitesi. _bFen Bilimleri Enstitüsü _977078 |
|
| 856 | _ahttp://tez2.yok.gov.tr/ | ||
| 902 | _aTZ00096 | ||
| 903 | _aMerkez Kütüphane. | ||
| 942 |
_cTEZ _2z |
||
| 945 | _aMT | ||